000 00447nam a2200181Ia 4500
005 20250423100802.0
008 250422s9999 xx 000 0 und d
020 _a0- 312- 06777- 1
050 _aBD 21 .R44/
100 _aMcHenry , Leemon
245 0 _aReflections on philosophy : introductory essays
260 _aNew York
260 _bSt. Martin’s Press
260 _c1993
300 _a227 p
650 _aPhilosophy
942 _cBK
999 _c34332
_d34332